All Jungle Book characters by screen time - Statistics

General Stats
  • This quiz has been taken 25 times
  • The average score is 7 of 17
Answer Stats
% Of Movie Screen Time Answer % Correct
28.08 21:57 Baloo
95%
37.24 29:07 Mowgli
95%
8.57 6:42 Shere Khan
90%
20.51 16:02 Bagheera
80%
10.59 8:17 Kaa
80%
5.16 4:02 King Louie
65%
8.53 6:40 Colonel Hathi
35%
2.75 2:09 Hathi Jr
35%
1.22 :57 Akela
30%
3.18 2:29 Shanti
25%
4.18 3:16 Winifred
20%
4.20 3:17 Ziggy
20%
5.93 4:38 Flaps
15%
4.75 3:43 Dizzy
10%
1.34 1:03 Rama
10%
6.91 5:24 Buzzie
5%
1.58 1:15 Flunkey
5%
No matching quizzes found
Score Distribution
Percent of People with Each Score
Percentile by Number Answered
Your Score History
You have not taken this quiz